书目信息 |
| 题名: |
唐五代词
|
|
| 作者: | 林大椿 辑 ;郑琦 校订 | |
| 分册: | ||
| 出版信息: | 文学古籍刊行社出版 1956 |
|
| 页数: | 316页 | |
| 开本: | 20cm | |
| 丛书名: | ||
| 单 册: | ||
| 中图分类: | I222.842 | |
| 科图分类: | ||
| 主题词: | 诗歌--中国 , 韵文--中国 | |
| 电子资源: | ||
| ISBN: | ||
| 000 | 00572nam0 2200205 450 | |
| 001 | 0632903031 | |
| 005 | 20060731091211.75 | |
| 010 | @dCNY2.00 | |
| 100 | @a20060731d1956 km y0chiy0120 ea | |
| 101 | 0 | @achi |
| 200 | 1 | @a唐五代词@Atang wu dai ci@f林大椿辑@Flin da chun ji@g郑琦校订@Gzheng qi jiao ding |
| 210 | @c文学古籍刊行社出版@d1956 | |
| 215 | @a316页@d20cm | |
| 606 | 0 | @a诗歌@x中国 |
| 606 | 0 | @a韵文@x中国 |
| 690 | @aI222.842@v3 | |
| 701 | 0 | @a林大椿@Alin da chun@4辑 |
| 702 | 0 | @a郑琦@Azheng qi@4校订 |
| 801 | 0 | @aCN@bPFT@c20060731 |
| 905 | @a10447@dI222.842@e449 | |
| 唐五代词/林大椿辑/郑琦校订.-文学古籍刊行社出版,1956 |
| 316页;20cm |
| ISBN :CNY2.00 |
| ● |
| 相关链接 |
|
|
|
|
正题名:唐五代词
索取号:I222.842/449
 
预约/预借
| 序号 | 登录号 | 条形码 | 馆藏地/架位号 | 状态 | 备注 |
| 1 | 0428522 | 204285228 | 密集书库/ [索取号:I222.842/449] | 在馆 |